| 000 | 00621cam a22001451 4500 | ||
|---|---|---|---|
| 082 |
_a940.27 _bPET |
||
| 100 | 1 |
_aPetre, F. Loraine _950025 |
|
| 245 | 0 | 0 |
_aNapoleon & the Archduke Charles; _ba history of the Franco-Austrian campaign in the valley of the Danube in 1809, _cby F. Loraine Petre; with eight illustrations and five sheets of maps and plans. |
| 260 |
_aLondon, _bJ. Lane; _aNew York, _bJ. Lane company, _c1909 [1908] |
||
| 300 |
_a413 p. _billus. _c23 cm. |
||
| 526 |
_a0 _b0 _c0 _d940_270000000000000_PET |
||
| 650 | 0 |
_aMCE _9379 |
|
| 650 | 0 |
_aNapoleonic Wars, 1800-1815 _xCampaigns _zAustria. _950074 |
|
| 942 |
_2ddc _cBK |
||
| 999 |
_c552829 _d552829 |
||